000 004140000a22001690004500
003 MACL
005 20151227151104.0
008 151227b xxu||||| |||| 00| 0 eng d
040 _aMACL
_cmacl
041 _aEnglish
082 _a025/RAN
100 _aRanganathan, S R
_923384
245 _aColon Classification
260 _bAsian Publishers
650 _alibrary & Opration
_923355
942 _cBK
_k025/Ran
_2ddc
999 _c34316
_d34316